000 00459cam a2200181ua 4500
001 5724
008 131025n ii |||gr||||Z||||||asm
040 _cMAIN
082 _a954
100 _aHussian,Tasaduk Amanul,
_eAuthor.
245 _aBharat buranji
_cby Md. Tasaduk Amanul Hussian
250 _a3rd rev and enlrgd.
260 _aDibrugarh:
_bBanalata,
_c1992.
300 _a287p.
653 _aSouth Asia India
653 _aBharat buranji
942 _cBK
999 _c4882
_d4882